000 01466cad a22002535a 4500
001 L141651
008 071210s2007 xxkad f s 000 0 eng d
035 _a(Sirsi) u141651
041 0 _aeng
050 0 4 _a333.33 $2 18
110 2 _aRoyal Institution of Chartered Surveyors
_bEconomics
_95033
245 0 0 _aRICS UK economic brief
_bSeptember 2007
_h[electronic resource]
260 _aLondon
_bRICS
_c2007
490 0 _aRICS UK Economic Brief
_vSeptember 2007
520 _aReports that despite turmoil in the financial markets, the real economy remains sound. Office rents saw their biggest monthly increase in almost a year, up 0.7% in August increasing the annual growth rate to 8.6%. A slowdown in retail rents continued at 2.2%, the slowest annual pace since January 2003. Construction industry output has reached a record high level. Reports that house price growth turned marginally negative in August for the first time since October 2005, but increased in Scotland. London has the strongest price growth in the UK.
590 _aKA
650 2 4 _aRICS UK ECONOMIC BRIEF
651 4 _aUnited Kingdom
_y
690 _aBUILT ENVIRONMENT-CONSTRUCTION MARKET
690 _aPROPERTY-COMMERCIAL PROPERTY- COMMERCIAL PROPERTY MARKET
690 _aPROPERTY-RESIDENTIAL PROPERTY- RESIDENTIAL PROPERTY MARKET
856 4 0 _uhttps://www.rics.org/site/scripts/download_info.aspx?downloadID=969
_zView this report free of charge at www.rics.org...
942 _n0
999 _c107725
_d107725